书目信息 |
| 题名: |
可持续发展理论探索
|
|
| 作者: | 高吉喜 著 | |
| 分册: | ||
| 出版信息: | 北京 中国环境科学出版社 2001.05 |
|
| 页数: | 185页 | |
| 开本: | 26cm | |
| 丛书名: | ||
| 单 册: | ||
| 中图分类: | X171 | |
| 科图分类: | ||
| 主题词: | 生态系统--区域环境--可持续发展--研究 | |
| 电子资源: | ||
| ISBN: | 7-80135-989-5 | |
| 000 | 00930nam0 2200241 450 | |
| 001 | 0131119839 | |
| 005 | 20051018103749.50 | |
| 010 | @a7-80135-989-5@dCNY28.00 | |
| 100 | @a20050306d2001 km y0chiy0120 ea | |
| 101 | 0 | @achi |
| 102 | @aCN@b110000 | |
| 105 | @aa a 000yy | |
| 200 | 1 | @a可持续发展理论探索@Ake chi xu fa zhan li lun tan suo@e生态承载力理论、方法与应用@f高吉喜著@Fgao ji xi zhu |
| 210 | @a北京@c中国环境科学出版社@d2001.05 | |
| 215 | @a185页@c图@d26cm | |
| 320 | @a有书目 (第161-169页)。 | |
| 330 | @a本书在对生态承载力与可持续发展讨论分析的基础上,提出生态承载力应作为可持续发展的支撑理论,并从理论和实际两方面对生态承载力进行了探讨与研究。 | |
| 517 | 1 | @a生态承载力理论、方法与应用@Asheng tai cheng zai li li lun、fang fa yu ying yong |
| 606 | 0 | @a生态系统@x区域环境@x可持续发展@x研究 |
| 690 | @aX171@v4 | |
| 701 | 0 | @a高吉喜@Agao ji xi@4著 |
| 801 | 0 | @aCN@bQSSK@c20051018 |
| 905 | @a10447@dX171@eG147 | |
| 可持续发展理论探索:生态承载力理论、方法与应用/高吉喜著.-北京:中国环境科学出版社,2001.05 |
| 185页:图;26cm |
| ISBN 7-80135-989-5:CNY28.00 |
| 本书在对生态承载力与可持续发展讨论分析的基础上,提出生态承载力应作为可持续发展的支撑理论,并从理论和实际两方面对生态承载力进行了探讨与研究。 |
| ● |
| 相关链接 |
|
|
|
正题名:可持续发展理论探索
索取号:X171/G147
 
预约/预借
| 序号 | 登录号 | 条形码 | 馆藏地/架位号 | 状态 | 备注 |
| 1 | 570755 | 205707555 | 期刊室512/501自科库 63排1列5层/ [索取号:X171/G147] | 在馆 | |
| 2 | 570756 | 205707564 | 自科库501/501自科库 63排1列5层/ [索取号:X171/G147] | 在馆 | |
| 3 | 570757 | 205707573 | 自科库501/501自科库 63排1列5层/ [索取号:X171/G147] | 在馆 |